000 00437nam a2200193Ia 4500
003 OSt
005 20220607141416.0
008 210210b1939 xxu||||| |||| 00| 0 eng d
040 _cAL
041 _aeng
082 _a536/86
100 _aMILLIKAN (R A)
_940882
245 _aCosmic rays
260 _aCambridge
_bUniversity press
_c1939
300 _a134
690 _aModern Physics
_940883
906 _a008884
942 _2ddc
_cBK
999 _c126709
_d126709